|
|
|
|
| LEADER |
01217nam a2200301 u 4500 |
| 001 |
10063744 |
| 003 |
upatras |
| 005 |
20210117201221.0 |
| 008 |
070919s1998 uk eng |
| 020 |
|
|
|a 0471984248
|
| 040 |
|
|
|a ΠΑΝΕΠΙΣΤΗΜΙΟ ΠΑΤΡΑΣ
|c ΠΑΝΕΠΙΣΤΗΜΙΟ ΠΑΤΡΑΣ
|
| 041 |
0 |
|
|a eng
|
| 082 |
0 |
4 |
|a 720.103
|
| 245 |
1 |
0 |
|a The everyday and architecture
|c ; editor:Maggie Toy
|
| 260 |
|
|
|a London
|b Academy Editions
|c 1998
|
| 300 |
|
|
|a 96 p.
|b ill.
|c 31 cm.
|
| 490 |
0 |
|
|a Architectural Design Profile
|v 134
|
| 504 |
|
|
|a Includes bibliography
|
| 650 |
|
4 |
|a Αρχιτεκτονική
|x Θεωρία
|9 5266
|
| 650 |
|
4 |
|a Αρχιτεκτονική
|x Φιλοσοφία
|9 6707
|
| 650 |
|
4 |
|a Αρχιτεκτονική και κοινωνία
|9 6538
|
| 700 |
1 |
|
|a Toy, Maggie
|4 edt
|9 6523
|
| 760 |
0 |
|
|a Architectural Design Profile
|g 134
|
| 852 |
|
|
|a GR-PaULI
|b ΠΑΤΡΑ
|b ΑΡΧΙΤΕΚΤΟΝΙΚΗ
|k ΑΣΧΞ-2
|h 720.103 TOY
|m 005116
|p 025000157682
|t 1
|
| 942 |
|
|
|2 ddc
|c BK15
|
| 952 |
|
|
|0 0
|1 0
|4 0
|6 720_103000000000000_TOY
|7 0
|9 62489
|a ARCH
|b ARCH
|d 2016-04-24
|i 005116
|l 0
|o 720.103 TOY
|p 025000157682
|r 2023-03-29 00:00:00
|t 1
|w 2016-04-24
|y BK15
|
| 998 |
|
|
|c Λοτσάρη
|d 2007-09
|
| 999 |
|
|
|c 40058
|d 40058
|